Logo BPK

Biblioteka

Politechniki Koszalińskiej

Facsimile Querschnitt durch die Fliegenden Blätter / (Rekord nr 49994)

Szczegóły MARC
000 -ETYKIETA REKORDU
podpole kontrolne o stałej długości 00537nam a2200193 i 4500
001 - NUMER KONTROLNY REKORDU
pole kontrolne bgj
040 ## - ŹRÓDŁO KATALOGOWANIA
Instytucja, która utworzyła rekord BPK
041 0# - KOD JĘZYKA
Kod języka tekstu ger
044 ## - KOD KRAJU WYDAWCY/PRODUCENTA
Kod kraju wydawcy/producenta DEU
080 ## - UNIWERSALNA KLASYFIKACJA DZIESIĘTNA - UKD
UKD 3
008 - POLE O STAŁEJ DŁUGOŚCI - DANE KONTROLNE
podpole kontrolne o stałej długości s gw f |000 0 ger
245 10 - TYTUŁ/ODPOWIEDZIALNOŚĆ
Tytuł Facsimile Querschnitt durch die Fliegenden Blätter /
Pozostałe elementy strefy tytułu i oznaczenia odpowiedzialności eingeleitet von Erich Pfeiffer-Belli ; hrsg. von Eva Zahn.
260 ## - STREFA ADRESU WYDAWNICZEGO
Miejsce wydania [München] :
Nazwa wydawcy/dystrybutora Scherz,
Data publikacji, dystrybucji/powstania dokumentu [1966].
300 ## - STREFA OPISU FIZYCZNEGO
Objętość 207 s. :
Inne cechy fizyczne il. ;
Rozmiary 31 cm.
650 9# - HASŁO PRZEDMIOTOWE W FORMIE NAZWY OGÓLNEJ LUB JEDNOSTKOWEJ
Nazwa ogólna lub geograficzna Nauki społeczne
700 1# - HASŁO DODATKOWE - NAZWA OSOBOWA
Nazwa osobowa BELLI-PFEIFFER, Erich.
700 1# - HASŁO DODATKOWE - NAZWA OSOBOWA
Nazwa osobowa ZAHN, Eva.
856 ## - LOKALIZACJA I DOSTĘP DO ELEKTRONICZNYCH DOKUMENTÓW ZDALNYCH
Link (URL) http://koha.tu.koszalin.pl/cgi-bin/koha/opac-detail.pl?biblionumber=49994
Tekst linku Katalog online BPK
942 ## - DODATKOWE ELEMENTY (KOHA)
Typ dokumentu Książka
Egzemplarze
Wycofany Status egzemplarza Uszkodzony Dostępność Lokalizacja stała Lokalizacja bieżąca Miejsce przechowywania Sygnatura Kod kreskowy Typ dokumentu
      Dostępny Biblioteka Politechniki Koszalińskiej Biblioteka Politechniki Koszalińskiej Wypożyczalnia Językowa S 2618 02438191 Książka
© 2023 Biblioteka Politechniki Koszalińskiej :: KOHA